【プロ野球】2026年の東京ヤクルトスワローズの選手 - Statistics

General Stats
  • This quiz has been taken 42 times
    10 since last reset
  • The average score is 49 of 67
Answer Stats
背番号 選手名 % Correct
11 キハダ
100%
20 木澤尚文
100%
29 小川泰弘
100%
2 古賀優大
100%
27 中村悠平
100%
52 橋本星哉
100%
65 鈴木叶
100%
1 山田哲人
100%
3 内山壮真
100%
7 長岡秀樹
100%
13 オスナ
100%
60 武岡龍世
100%
67 伊藤琉偉
100%
0 並木秀尊
100%
9 塩見泰隆
100%
25 サンタナ
100%
63 増田珠
100%
64 岩田幸宏
100%
12 石山泰稚
80%
15 中村優斗
80%
17 清水昇
80%
18 奥川恭伸
80%
19 石川雅規
80%
21 吉村貢司郎
80%
24 星知弥
80%
26 山野太一
80%
28 松本健吾
80%
40 高梨裕稔
80%
47 高橋奎二
80%
62 リランソ
80%
68 丸山翔大
80%
32 松本直樹
80%
00 赤羽由紘
80%
6 松下歩叶
80%
8 茂木栄五郎
80%
10 宮本丈
80%
50 北村恵吾
80%
4 丸山和郁
80%
42 澤井廉
80%
30 荘司宏太
60%
34 田口麗斗
60%
41 拓也
60%
44 大西広樹
60%
45 小澤怜史
60%
46 大道温貴
60%
56 坂本拓己
60%
58 ウォルターズ
60%
69 下川隼佑
60%
70 廣澤優
60%
99 青柳晃洋
60%
48 柿沼友哉
60%
37 山野辺翔
60%
38 石井巧
60%
54 田中陽翔
60%
31 モイセエフニキータ
60%
36 西村瑠伊斗
60%
90 モンテル
60%
33 山崎太陽
40%
35 石原勇輝
40%
43 増居翔太
40%
53 長谷川宙輝
40%
66 阪口皓亮
40%
57 矢野泰二郎
40%
39 松川玲央
40%
49 鈴木蓮吾
20%
61 飯田琉斗
20%
71 沼田翔平
20%
No matching quizzes found
Score Distribution
Percent of People with Each Score
Percentile by Number Answered
Your Score History
You have not taken this quiz since the last reset